[Event "FSIM Sept 2012"]
[Site "Budapest HUN"]
[Date "2012.09.07"]
[Round "7.5"]
[White "Farago,S"]
[Black "Sadilek,P"]
[Result "1-0"]
[WhiteElo "2234"]
[BlackElo "2262"]

1.e4 e6 2.d4 d5 3.Nc3 Nf6 4.e5 Nfd7 5.Nce2 c5 6.c3 Nc6 7.f4 Qb6 8.Nf3 f6
9.a3 Be7 10.Qd3 cxd4 11.cxd4 Na5 12.b4 Nc4 13.Nc3 O-O 14.Be2 Rf7 15.h4 Nf8
16.h5 a5 17.b5 Bd7 18.a4 Rc8 19.O-O fxe5 20.Nxe5 Nxe5 21.fxe5 Rxf1+ 22.Kxf1 Rc4
23.Be3 Qc7 24.Nd1 Be8 25.Bd2 Qb6 26.Bc3 Bb4 27.Bb2 Qd8 28.Ne3 Rc7 29.Bf3 Qh4
30.Qe2 Nd7 31.Bg4 Bf7 32.Kg1 Nb6 33.Qf3 Bd2 34.Nf1 Bb4 35.Ng3 Qg5 36.Ne2 Bd2
37.Ba3 Qe3+ 38.Qxe3 Bxe3+ 39.Kh2 Nxa4 40.Bd6 Rc4 41.b6 h6 42.Kh3 Bg5 43.g3 Kh7
44.Nf4 Bxf4 45.gxf4 g6 46.hxg6+ Kxg6 47.Rg1 Kh7 48.f5 h5 49.Be2 Rc3+ 50.Kh4 exf5
51.Kg5 f4 52.Kf6 Rg3 53.Rh1 f3 54.Bb5 Bg6 55.e6 Nc3 56.Bxg3 Ne4+ 57.Ke5 Nxg3
58.Rh3 h4 59.Rxh4+ Kg7 60.Rh3  1-0

[Event "6th Hum na Sutli Open"]
[Site "Hum na Sutli CRO"]
[Date "2012.09.11"]
[Round "5.1"]
[White "Rogulj,B"]
[Black "Martinovic,Sa"]
[Result "0-1"]
[WhiteElo "2414"]
[BlackElo "2517"]

1.e4 e6 2.d4 d5 3.Nc3 Nf6 4.e5 Nfd7 5.f4 c5 6.Nf3 Nc6 7.Be3 Be7 8.Qd2 O-O
9.Be2 b6 10.O-O f5 11.Nd1 cxd4 12.Nxd4 Nxd4 13.Bxd4 Nc5 14.Nf2 Bb7 15.b4 Ne4
16.Nxe4 dxe4 17.Bc4 Bd5 18.Ba6 g5 19.fxg5 Bxg5 20.Be3 Bxe3+ 21.Qxe3 Qe7 22.a3 Kh8
23.c4 Bc6 24.Rad1 Rad8 25.c5 Rxd1 26.Rxd1 f4 27.Qc3 e3 28.Bf1 Qg5 29.Qc2 f3
30.Qc1  0-1

[Event "TCh-NED Meesterklasse 2012-13"]
[Site "Den Bosch NED"]
[Date "2012.09.15"]
[Round "1.6"]
[White "Nijboer,F"]
[Black "Geurink,J"]
[Result "0-1"]
[WhiteElo "2535"]
[BlackElo "2331"]

1.e4 e6 2.d4 d5 3.Nc3 Nf6 4.e5 Nfd7 5.f4 c5 6.Nf3 Nc6 7.Be3 Be7 8.Qd2 O-O
9.Bd3 f5 10.exf6 Bxf6 11.Bb5 Ndb8 12.O-O-O c4 13.Bxc6 Nxc6 14.Kb1 b5 15.Nxb5 Rb8
16.Nc3 Be7 17.Ka1 Qa5 18.Ne5 Rb6 19.Nb1 Qa4 20.b3 Qb5 21.Nc3 Qa6 22.Na4 Rb5
23.Nxc6 Qxc6 24.Rb1 Bf6 25.c3 Bd7 26.Nc5 cxb3 27.Rxb3 Rb6 28.Nxd7 Qxd7 29.Rxb6 axb6
30.Rb1 Bd8 31.Qd3 Bc7 32.g3 Qc6 33.Bd2 g6 34.Qb5 Qxb5 35.Rxb5 Kf7 36.c4 dxc4
37.Rb4 Ke8 38.Rxc4 Kd7 39.Kb2 Rf5 40.Kb3 Rb5+ 41.Kc2 Bd6 42.Ra4 Kc6 43.Ra7 Bc7
44.Ra8 Rf5 45.Kd3 Kd5 46.a4 Kc6 47.Ke4 Bd6 48.Ra7 Bc7 49.h4 Rd5 50.Bb4 Rf5
51.Be7 Bb8 52.Ra8 Kb7 53.Rxb8+ Kxb8 54.Bb4 h5 55.Kf3 Kb7 56.g4 hxg4+ 57.Kxg4 Kc6
58.Be1 Kd5 59.a5 b5 60.Bb4 Kc4 61.Bc5 Rxc5 62.dxc5 Kxc5  0-1

[Event "TCh-NED Meesterklasse 2012-13"]
[Site "Netherland NED"]
[Date "2012.09.15"]
[Round "1.8"]
[White "Dek,L"]
[Black "Kuijf,R"]
[Result "1/2-1/2"]
[WhiteElo "2244"]
[BlackElo "2401"]

1.e4 e6 2.d4 d5 3.Nc3 Nf6 4.e5 Nfd7 5.f4 c5 6.Nf3 Nc6 7.Be3 a6 8.Qd2 cxd4
9.Nxd4 Bc5 10.O-O-O O-O 11.Kb1 Nxd4 12.Bxd4 Qc7 13.Qe3 b5 14.Bd3 b4 15.Ne2 a5
16.Qh3 g6 17.Rc1 Ba6 18.Qe3 a4 19.h4 Bxd4 20.Qxd4 Qc5  1/2-1/2

[Event "zt 3.5 China Men 2012"]
[Site "Beijing CHN"]
[Date "2012.09.16"]
[Round "3.15"]
[White "Li Hanbin"]
[Black "Yan,Xuesong"]
[Result "1-0"]
[WhiteElo "2277"]
[BlackElo "1808"]

1.e4 e6 2.d4 d5 3.Nc3 Nf6 4.e5 Nfd7 5.f4 c5 6.Nf3 Nc6 7.Be3 a6 8.Qd2 b5 9.a3 Be7
10.Be2 Bf8 11.Bf1 Be7 12.Be2 Bb7 13.O-O O-O 14.Nd1 cxd4 15.Nxd4 Rc8 16.c3 Nc5
17.Qe1 Ne4 18.Nf2 Bh4 19.g3 Be7 20.Rd1 Qc7 21.Bf3 Nxd4 22.Bxd4 Qc6 23.Bg2 a5
24.Nxe4 dxe4 25.f5 exf5 26.Rxf5 Bc5 27.Rf4 Bxd4+ 28.Rxd4 Qc5 29.Bxe4 Bxe4
30.Rxe4 h6 31.Qe3 Rc6 32.Rd6 Qxe3+ 33.Rxe3 Rfc8 34.Rd7 R8c7 35.Rxc7 Rxc7
36.e6 fxe6 37.Rxe6 Rc5 38.Kf2 Kf7 39.Re4 a4 40.Ke3 Rd5 41.Rd4 Rh5 42.h4 Ke6
43.Kd3 Rc5 44.g4 h5 45.gxh5 Rxh5 46.Re4+ Kd6 47.Rg4 Rh7 48.c4 Kc5 49.cxb5 Kxb5
50.Rg5+ Kb6 51.h5 Rh8 52.Kc4 Rc8+ 53.Kb4 Rc2 54.Rb5+ Kc6 55.Kxa4 Rc4+ 56.b4 Rg4
57.Ka5 Rf4 58.Rc5+ Kb7 59.Rg5 Rf7 60.b5 Ka7 61.a4 Kb8 62.b6 g6 63.hxg6 Rg7
64.Kb5 Kb7 65.a5 Kb8 66.a6 Ka8 67.Rf5 Rg8 68.g7 Rb8 69.Rf8  1-0

[Event "zt 3.5 China Men 2012"]
[Site "Beijing CHN"]
[Date "2012.09.17"]
[Round "6.19"]
[White "Xu,Xiangyu"]
[Black "Fang,Yuxiang"]
[Result "1/2-1/2"]
[WhiteElo "1990"]
[BlackElo "2104"]

1.e4 e6 2.d4 d5 3.Nc3 Nf6 4.e5 Nfd7 5.f4 c5 6.Nf3 Nc6 7.Be3 a6 8.Qd2 b5 9.a3 Qa5
10.Ne2 b4 11.a4 c4 12.b3 cxb3 13.cxb3 Be7 14.Ng3 f5 15.Bd3 O-O 16.Kf2 Qb6
17.Rag1 Bb7 18.Ne2 Na5 19.Bc2 Rac8 20.Qd3 Nc4 21.Qd1 Nxe3 22.Kxe3 Qc6 23.Bd3 Nb6
24.Nd2 a5 25.g4 Na8 26.Qb1 Ba6 27.Rc1 Bxd3 28.Qxd3 Qd7 29.g5 Qb7 30.Rhd1 Rfd8
31.Kf3 Kf7 32.Nf1 Rd7 33.Ne3 g6 34.h4 Rdc7 35.Rxc7 Nxc7 36.Rh1 Ne8  1/2-1/2

[Event "DYTM KL Open 2012"]
[Site "Kuala Lumpur MAS"]
[Date "2012.09.18"]
[Round "1.22"]
[White "Padmini,R"]
[Black "Ding,Tze How Dilwen"]
[Result "1-0"]
[WhiteElo "2328"]
[BlackElo "1710"]

1.e4 e6 2.d4 d5 3.Nc3 Nf6 4.e5 Nfd7 5.f4 c5 6.Nf3 Nc6 7.Be3 cxd4 8.Nxd4 Bc5
9.Qd2 a6 10.O-O-O O-O 11.Kb1 Bxd4 12.Bxd4 b5 13.Bf2 Qe7 14.Ne2 Nc5 15.Nd4 Ne4
16.Qe1 Bb7 17.Bd3 Nxf2 18.Qxf2 Qc5 19.Qh4 h6 20.Nxc6 Bxc6 21.g4 Qe3 22.g5 g6
23.gxh6 Kh7 24.Qf6 Kxh6 25.Rdg1 d4 26.Rxg6+  1-0

[Event "Vladivostok Russian Cup 2012"]
[Site "Vladivostok RUS"]
[Date "2012.09.19"]
[Round "3.25"]
[White "Bazlov,Y"]
[Black "Starkov,D"]
[Result "1-0"]
[WhiteElo "2163"]
[BlackElo "1983"]

1.e4 e6 2.Nc3 d5 3.d4 Nf6 4.e5 Nfd7 5.f4 c5 6.Nf3 cxd4 7.Nxd4 Nc6 8.Bb5 Qc7
9.Be3 Be7 10.Qg4 O-O 11.Nxe6 fxe6 12.Qxe6+ Rf7 13.Qxd5 Nb4 14.Qe4 Nc5 15.Bxc5 Qxc5
16.a3 Bf5 17.axb4 Bxe4 18.bxc5 Rxf4 19.g3 Rg4 20.Be2 Bxh1 21.Bxg4 Bxc5 22.O-O-O Bc6
23.Be6+ Kf8 24.Bd5 Re8 25.Rf1+ Ke7 26.Rf7+ Kd8 27.Bxc6 bxc6 28.Rxg7 Rxe5
29.Rxh7 Re1+ 30.Kd2 Rh1 31.Ne4 Bg1 32.h4 Bd4 33.c3 Rh2+ 34.Kd3 Bg1 35.b4 Rh3
36.Ke2 Bb6 37.Kf3 Rh2 38.h5 Ke8 39.Kg4 a5 40.bxa5 Bxa5 41.Kf5 Rh1 42.Ke6 Kd8
43.h6 Re1 44.Kf5 Rf1+ 45.Kg4 Re1 46.Kf3 Rf1+ 47.Ke2 Rh1 48.g4 Bc7 49.g5 Be5
50.g6 Rh2+ 51.Kf3 Rh3+ 52.Kg4 Re3 53.Kf5  1-0

[Event "21st TCh-CRO 1a 2012"]
[Site "Sibenik CRO"]
[Date "2012.09.24"]
[Round "2.14"]
[White "Golubovic,B"]
[Black "Bosiocic,Mari"]
[Result "1/2-1/2"]
[WhiteElo "2418"]
[BlackElo "2577"]

1.e4 e6 2.d4 d5 3.Nc3 Nf6 4.e5 Nfd7 5.f4 c5 6.Nf3 Nc6 7.Be3 Be7 8.Qd2 O-O
9.Be2 b6 10.O-O f6 11.exf6 Nxf6 12.Kh1 Bb7 13.Rad1 c4 14.a3 a6 15.Ne5 b5
16.Qe1 Bd6 17.Qh4 Ne7 18.Qh3 Nf5 19.Bf2 Ne4 20.Be1 Rf6 21.g4 Rh6  1/2-1/2

[Event "Tatry Open 2012"]
[Site "Tatranske Zruby SVK"]
[Date "2012.09.25"]
[Round "3.38"]
[White "Zemlicka,V"]
[Black "Hujo,J"]
[Result "1/2-1/2"]
[WhiteElo "2017"]
[BlackElo "2079"]

1.e4 e6 2.d4 d5 3.Nc3 Nf6 4.e5 Nfd7 5.f4 c5 6.Nf3 Nc6 7.Be3 a6 8.Qd2 b5 9.dxc5 Bxc5
10.O-O-O O-O 11.Kb1 Bb7 12.h4 Qb6 13.Bxc5 Nxc5 14.Bd3 b4 15.Ne2 Ne4 16.Bxe4 dxe4
17.Ng5 Rfd8 18.Qc1 Qf2 19.Rxd8+ Rxd8 20.Qe1 e3 21.Ne4 Qxe1+ 22.Rxe1 Nd4 23.Nd6 Nxe2
24.Rxe2 f6 25.Kc1 Bd5 26.g3 fxe5 27.fxe5 Rf8 28.Rxe3 Rf2 29.b3  1/2-1/2

[Event "21st TCh-CRO 1a 2012"]
[Site "Sibenik CRO"]
[Date "2012.09.26"]
[Round "4.25"]
[White "Brkic,A"]
[Black "Golubovic,B"]
[Result "1-0"]
[WhiteElo "2584"]
[BlackElo "2418"]

1.e4 e6 2.d4 d5 3.Nc3 Nf6 4.e5 Nfd7 5.f4 c5 6.Nf3 Nc6 7.Be3 a6 8.Qd2 b5 9.Nd1 cxd4
10.Nxd4 Nxd4 11.Bxd4 Nc5 12.Nf2 Be7 13.Be2 Qc7 14.O-O O-O 15.Qc3 Ra7 16.b4 Na4
17.Qe3 Rb7 18.c3 f5 19.g4 Qc6 20.Kh1 Bd8 21.Rg1 Bb6 22.Rac1 Nb2 23.Bf3 Nc4
24.Qd3 fxg4 25.Rxg4 Rc7 26.Rcg1 Bxd4 27.cxd4 Rff7 28.Rh4 g6 29.Ng4 Kf8 30.Nf6 Rxf6
31.exf6 Nd6 32.Rxh7 Ne4 33.Rxc7 Qxc7 34.Bxe4 dxe4 35.Qh3  1-0

[Event "Tatry Open 2012"]
[Site "Tatranske Zruby SVK"]
[Date "2012.09.26"]
[Round "5.4"]
[White "Klein,Fe"]
[Black "Nguyen,Thai Dai Van"]
[Result "1/2-1/2"]
[WhiteElo "2310"]
[BlackElo "2069"]

1.e4 e6 2.d4 d5 3.Nc3 Nf6 4.e5 Nfd7 5.f4 c5 6.Nf3 Nc6 7.Be3 a6 8.Qd2 b5 9.a3 Qb6
10.Ne2 b4 11.axb4 Qxb4 12.Qxb4 Nxb4 13.Kd2 Be7 14.dxc5 Nxc5 15.Bxc5 Bxc5
16.Ned4 Kd7 17.c3 Nc6 18.Nxc6 Kxc6 19.b4 Be7 20.Bd3 Kb6 21.Ra5 Bb7 22.Nd4 g6
23.Rha1 Ra7 24.g3 h5 25.h4 Rha8 26.Ke3 Bf8 27.Nf3 Be7 28.Ng5 Bxg5 29.fxg5 Bc6
30.Kd4 Be8 31.R1a2 Bc6 32.R2a3 Be8 33.Be2 Bc6 34.Ra2 Bd7 35.Ra1 Bc6 36.Bf1 Be8
37.R1a2 Bc6 38.R2a3 Be8 39.Ra1 Bc6 40.Bd3 Be8 41.Bf1  1/2-1/2

[Event "21st TCh-CRO 1a 2012"]
[Site "Sibenik CRO"]
[Date "2012.09.27"]
[Round "5.35"]
[White "Zivkovic,Vj"]
[Black "Bukal,V jr"]
[Result "1/2-1/2"]
[WhiteElo "2379"]
[BlackElo "2416"]

1.e4 e6 2.d4 d5 3.Nc3 Nf6 4.e5 Nfd7 5.f4 c5 6.Nf3 Nc6 7.Be3 Be7 8.Qd2 O-O
9.Be2 b6 10.Nd1 a5 11.a4 Ba6 12.Bxa6 Rxa6 13.O-O Ra8 14.c3 Rc8 15.Bf2  1/2-1/2

[Event "1st Simon Bolivar Open 2012"]
[Site "San Cristobal VEN"]
[Date "2012.09.28"]
[Round "6.3"]
[White "Vocaturo,D"]
[Black "Rakhmanov,Ale"]
[Result "1/2-1/2"]
[WhiteElo "2542"]
[BlackElo "2582"]

1.e4 e6 2.d4 d5 3.Nc3 Nf6 4.e5 Nfd7 5.f4 c5 6.Nf3 Nc6 7.Be3 cxd4 8.Nxd4 Bc5
9.Qd2 Bxd4 10.Bxd4 Nxd4 11.Qxd4 Qb6 12.Nb5 Qxd4 13.Nxd4 Ke7 14.h4 Nb8 15.h5 Nc6
16.Nf3 h6 17.Bd3 Bd7 18.Kd2 Na5 19.b3 Nc6 20.Rae1 a5 21.a4 Nb4 22.Nd4 Nc6
23.Nf3 Nb4 24.Ra1 Rhc8 25.g4 Rc5 26.Nd4 Nc6 27.Ke3 f6 28.Nxc6+ Rxc6 29.Kd4 Rb6
30.Rhg1 Rb4+ 31.Ke3 fxe5 32.fxe5 Rf8 33.Rg3 Be8 34.Rag1 Rbf4 35.Kd2 Rf3 36.Rxf3 Rxf3
37.Rf1 Rxf1 38.Bxf1 g6 39.Be2 gxh5 40.gxh5 b6 41.Ke3 Kd8 42.Kd4 Kc7 43.Bg4 Bf7
44.c3 Kc6 45.b4 Bg8 46.Bf3 Bh7 47.Bg4 Bg8 48.Be2 Bh7 49.Bb5+ Kc7 50.bxa5 bxa5
51.Kc5 Bc2 52.Bc6  1/2-1/2

[Event "72nd ch-UKR w 2012"]
[Site "Kharkiv UKR"]
[Date "2012.09.29"]
[Round "5.1"]
[White "Andrenko,I"]
[Black "Gaponenko,I"]
[Result "0-1"]
[WhiteElo "2228"]
[BlackElo "2404"]

1.e4 e6 2.d4 d5 3.Nc3 Nf6 4.e5 Nfd7 5.f4 c5 6.Nf3 Nc6 7.Be3 Qb6 8.Na4 Qa5+
9.c3 b6 10.Bd2 c4 11.b4 Qa6 12.g3 b5 13.Nc5 Qa3 14.Ng5 Nxc5 15.bxc5 h6 16.Nf3 b4
17.Qc1 Qxc1+ 18.Rxc1 a5 19.Rb1 Rb8 20.Kd1 Be7 21.Kc1 O-O 22.a3 bxa3 23.Rxb8 Nxb8
24.Kb1 Bd7 25.Bc1 Nc6 26.Nd2 Rb8+ 27.Ka2 Na7 28.Bxa3 Ba4 29.Be2 Nb5 30.Rc1 Bd8
31.Nb1 f6 32.exf6 gxf6 33.Bf3 f5 34.Bd1 Bxd1 35.Rxd1 h5 36.Rc1 h4 37.Nd2 hxg3
38.hxg3 Kf7 39.Bb2 Bf6 40.Rh1 Bxd4 41.cxd4 c3 42.Bxc3 Nxc3+ 43.Ka3 Nb5+ 44.Ka4 Nxd4
45.Rd1 Rb2 46.Nb1 Ra2+ 47.Na3 Nc2 48.Kb3 Rxa3+ 49.Kxc2 Ra4 50.Kd3 Rc4 51.Ra1 Rxc5
52.Kd4 Rc4+ 53.Kd3 a4 54.Rb1 Kf6 55.Rb6 Rc1 56.Ra6 Ra1 57.Kc2 a3 58.Ra8 Ra2+
59.Kc1 Ra1+ 60.Kc2 a2 61.Kb2 Rg1 62.Kxa2 Rxg3 63.Kb2 Re3 64.Rf8+ Kg7 65.Re8 Re4
66.Kc3 Kf7  0-1

[Event "21st TCh-CRO 1a 2012"]
[Site "Sibenik CRO"]
[Date "2012.09.29"]
[Round "7.46"]
[White "Vargic,D"]
[Black "Kovacevic,Vlat"]
[Result "1/2-1/2"]
[WhiteElo "2342"]
[BlackElo "2489"]

1.e4 e6 2.d4 d5 3.Nc3 Nf6 4.e5 Nfd7 5.f4 c5 6.Nf3 Nc6 7.Be3 a6 8.Qd2 b6 9.Nd1 cxd4
10.Nxd4 Bb7 11.c3 Be7 12.Bd3 Nc5 13.Bc2 a5 14.O-O O-O 15.Rf3 f5 16.exf6 Bxf6
17.Rh3 g6 18.Nf2 Nxd4 19.Bxd4 Bxd4 20.cxd4 Ne4 21.Nxe4 dxe4 22.Re1 Rc8 23.Bxe4 Bxe4
24.Rxe4 Qd5 25.Rhe3 Qxa2 26.Rxe6 Rxf4 27.Re1 Rcf8 28.Re8 Rxe8 29.Rxe8+ Rf8
30.Rxf8+ Kxf8 31.Qf4+ Qf7 32.Qb8+ Qe8 33.Qf4+ Kg8 34.h3 Qe6 35.Kh2 h5 36.Qc7 Kf8
37.Kg3 Qe3+ 38.Kh2 Qxd4 39.b3 h4 40.Kh1 Qd1+ 41.Kh2 Qxb3 42.Qd8+ Kf7 43.Qxh4 a4
44.Qh7+ Kf6 45.Qh8+ Kf5 46.Qf8+ Ke4 47.Qe8+ Kd4 48.Qxg6 a3 49.Qd6+ Ke3 50.Qe5+ Kd3
51.Qf5+ Ke2 52.Qe4+ Kd2 53.Qd4+ Kc2 54.Qf2+ Kb1 55.Qe1+ Ka2 56.Qd2+ Kb1 57.Qe1+ Ka2
58.Qd2+ Qb2 59.Qd5+ Kb1 60.Qd1+  1/2-1/2

[Event "Oslo GM Open 2012"]
[Site "Oslo NOR"]
[Date "2012.09.30"]
[Round "1.9"]
[White "Ben Porat,O"]
[Black "Galinsky,T"]
[Result "1-0"]
[WhiteElo "2175"]
[BlackElo "2431"]

1.e4 e6 2.d4 d5 3.Nc3 Nf6 4.e5 Ng8 5.Be3 a6 6.f4 f5 7.Nf3 Nh6 8.h3 Nf7 9.Bd3 Be7
10.g4 g6 11.Ne2 Qd7 12.Ng3 b6 13.gxf5 exf5 14.h4 h5 15.Ng5 Nxg5 16.fxg5 c5
17.c3 Nc6 18.Ne2 Bb7 19.O-O O-O 20.Nf4 Kg7 21.a3 Nd8 22.Qe2 Ne6 23.Nxg6 Kxg6
24.Rxf5 Rxf5 25.Bxf5+ Kxf5 26.Qc2+ Kg4 27.Rf1 Rf8 28.Qg2+ Kxh4 29.Kh2  1-0

[Event "TCh-FIN SM 2012-13"]
[Site "Porvoo FIN"]
[Date "2012.09.30"]
[Round "2.4"]
[White "Agopov,M"]
[Black "Kekki,P"]
[Result "1/2-1/2"]
[WhiteElo "2431"]
[BlackElo "2353"]

1.e4 e6 2.d4 d5 3.Nc3 Nf6 4.e5 Nfd7 5.f4 c5 6.Nf3 Nc6 7.Be3 a6 8.Qd2 Qb6
9.Na4 Qb4 10.Qxb4 Nxb4 11.Kd2 b6 12.c3 Nc6 13.b3 Bb7 14.a3 Na5 15.Kc2 c4
16.b4 Nb3 17.Ra2 Bc6 18.Nb2 a5 19.Kb1 Be7 20.Nd1 O-O 21.g4 f6 22.Bg2 fxe5
23.fxe5 axb4 24.axb4 Rxa2 25.Kxa2 Nb8 26.h4 Na6 27.Nd2 Nxd2 28.Bxd2 Ba4 29.g5 Nc7
30.Kb2 Bb3 31.Ne3 Ra8 32.Ra1 Rxa1 33.Kxa1 h6 34.gxh6 Bxh4 35.hxg7 Kxg7 36.Kb2 Kg6
37.Kc1 Ba4 38.Bf3 Bg5 39.Ng4 Nb5 40.Bxg5 Kxg5 41.Kb2 Kf4 42.Be2 Nc7 43.Nh2 Be8
44.Nf1 Bg6 45.Bd1 Bd3 46.Nh2 Bf5 47.Nf1 Bh3 48.Nd2 Ke3 49.Nb1 Bf5 50.Na3 Bg6
51.Ba4 Kd2 52.Bc6 Be8 53.b5 Bg6 54.Bd7 Be4 55.Bc6 Bg6 56.Bd7 Be4 57.Bc6 Bg6
58.Bd7  1/2-1/2

[Event "Oslo GM Open 2012"]
[Site "Oslo NOR"]
[Date "2012.10.01"]
[Round "2.6"]
[White "Rombaldoni,Ax"]
[Black "Ben Porat,O"]
[Result "1-0"]
[WhiteElo "2458"]
[BlackElo "2175"]

1.e4 e6 2.d4 d5 3.Nc3 Nf6 4.e5 Nfd7 5.f4 c5 6.Nf3 Nc6 7.Be3 Qb6 8.Na4 Qa5+
9.c3 cxd4 10.b4 Nxb4 11.cxb4 Bxb4+ 12.Bd2 Bxd2+ 13.Nxd2 g5 14.Rb1 a6 15.Bd3 gxf4
16.O-O b5 17.Nb2 Nxe5 18.Nb3 Qc3 19.Qe2 Nc4 20.Rxf4 Ra7 21.Rc1 Qb4 22.Nxd4 Bd7
23.Nxc4 bxc4 24.Qe5 Rf8 25.Rb1 Qc5 26.Rb8+ Bc8 27.Bc2 Ke7 28.Qf6+ Kd6 29.Kf1 Kc7
30.Qe5+ Kd8 31.Qf6+ Kc7 32.Qe5+ Kd8 33.Ba4 Rc7 34.Nxe6+ fxe6 35.Qg5+  1-0

[Event "4th Sant Marti IM"]
[Site "Barcelona ESP"]
[Date "2012.10.06"]
[Round "2.2"]
[White "Exposito Amaro,J"]
[Black "Nunez Lucero,F"]
[Result "0-1"]
[WhiteElo "2287"]
[BlackElo "2186"]

1.e4 e6 2.d4 d5 3.Nc3 Nf6 4.e5 Nfd7 5.Nf3 c5 6.Bg5 Qb6 7.dxc5 Bxc5 8.Qd2 Nc6
9.O-O-O Bxf2 10.Na4 Qb4 11.Qxf2 Qxa4 12.Kb1 h6 13.b3 Qb4 14.Bd2 Qe7 15.Qg3 g6
16.h4 Nc5 17.Bd3 Nxd3 18.cxd3 Bd7 19.Nh2 Nd4 20.Qf4 Nc6 21.Ng4 h5 22.Nf6+ Kd8
23.Rhf1 Be8 24.Rc1 Rc8 25.Qg3 Kc7 26.Bg5 Qa3 27.Nxd5+ exd5 28.e6+ Kb6 29.Be3+ Ka6
30.exf7 Bxf7 31.Rxf7 d4 32.Bd2 Nb4 33.Qxg6+ b6  0-1

[Event "TCh-NED Meesterklasse 2012-13"]
[Site "Netherland NED"]
[Date "2012.10.06"]
[Round "2.7"]
[White "Van Beek,Al"]
[Black "Kuijf,R"]
[Result "1/2-1/2"]
[WhiteElo "2324"]
[BlackElo "2401"]

1.e4 e6 2.d4 d5 3.Nc3 Nf6 4.e5 Nfd7 5.f4 c5 6.Nf3 Nc6 7.Be3 a6 8.Qd2 cxd4
9.Nxd4 Bc5 10.O-O-O O-O 11.Qf2 Bxd4 12.Bxd4 b5 13.Kb1 b4 14.Na4 a5 15.b3 Nxd4
16.Qxd4 Ba6 17.Bxa6 Rxa6 18.c4 bxc3 19.Rc1 Nb6 20.Nc5 Ra7 21.a4 Nd7 22.Rxc3 Qb6
23.Rd1 Qb8 24.Rdc1 Nxc5 25.Qxc5 Ra8 26.Ka2 h6 27.h4 Qb7 28.g3 Rfb8 29.R1c2 Qa6
30.Qc6 Qf1 31.Qd7 Qe1 32.h5 Qd1 33.f5 Rd8 34.Qb7 exf5 35.Rc8 Raxc8 36.Rxc8 Qd2+
37.Ka1 Qd1+ 38.Ka2  1/2-1/2

[Event "TCh-Belgrade Premier 2012"]
[Site "Belgrade SRB"]
[Date "2012.10.07"]
[Round "6.1"]
[White "Tasev,D"]
[Black "Jevremovic,M"]
[Result "1-0"]
[WhiteElo "2181"]
[BlackElo "2091"]

1.e4 e6 2.d4 d5 3.Nc3 Nf6 4.e5 Nfd7 5.f4 c5 6.Nf3 Nc6 7.Ne2 b5 8.c3 b4 9.f5 exf5
10.Nf4 Nb6 11.Bb5 Bd7 12.e6 fxe6 13.Bxc6 Bxc6 14.Ne5 Qc7 15.O-O O-O-O 16.Nxe6 Qb7
17.Nxd8 Kxd8 18.Rxf5 Be8 19.Qf3 Be7 20.Bg5 g6 21.Bxe7+ Qxe7 22.Rf7 Qh4 23.dxc5 Qg5
24.cxb6 Qxe5 25.bxa7  1-0

[Event "12th Winterthurer Schachwoche"]
[Site "Winterthur SUI"]
[Date "2012.10.09"]
[Round "4"]
[White "Pikula,D"]
[Black "Ulibin,M"]
[Result "1/2-1/2"]
[WhiteElo "2489"]
[BlackElo "2529"]

1.e4 e6 2.d4 d5 3.Nc3 Nf6 4.e5 Nfd7 5.f4 c5 6.Nf3 Nc6 7.Be3 Be7 8.Qd2 O-O
9.Be2 b6 10.Nd1 cxd4 11.Nxd4 Nxd4 12.Bxd4 Nb8 13.O-O Nc6 14.c3 Nxd4 15.cxd4 Bd7
16.Ne3 b5 17.Rf3 Qb6 18.Ng4 Rac8 19.Rg3 f5 20.exf6  1/2-1/2

[Event "TCh-Belgrade Premier 2012"]
[Site "Belgrade SRB"]
[Date "2012.10.10"]
[Round "9.5"]
[White "Rajkovic,Mladen"]
[Black "Tasev,D"]
[Result "0-1"]
[WhiteElo "1928"]
[BlackElo "2181"]

1.e4 e6 2.d4 d5 3.Nc3 Nf6 4.e5 Ng8 5.f4 c5 6.Nf3 Nc6 7.Be3 cxd4 8.Nxd4 Nge7
9.Bb5 Bd7 10.O-O g6 11.Nb3 Nf5 12.Bf2 h5 13.Qd3 a6 14.Bxc6 Bxc6 15.Nd4 Nxd4
16.Bxd4 Rc8 17.a4 Be7 18.a5 Qd7 19.Qh3 Bb5 20.Nxb5 Qxb5 21.Qd3 Qxd3 22.cxd3 Kd7
23.Bc3 Kc6 24.Kf2 Kb5 25.Ke2 Rc6 26.d4 Rhc8 27.Kd3 Rc4 28.Rfc1 Ra4 29.Rxa4 Kxa4
30.Ra1+ Kb3 31.g3 Rc4 32.Rc1 Bb4 33.h3 Bxa5 34.g4 hxg4 35.hxg4 Bb4 36.f5 gxf5
37.gxf5 b5  0-1

[Event "FSFMA1 October 2012"]
[Site "Budapest HUN"]
[Date "2012.10.12"]
[Round "6.5"]
[White "Szalanczy,E"]
[Black "Wanger,T"]
[Result "1-0"]
[WhiteElo "2256"]
[BlackElo "1932"]

1.e4 e6 2.d4 d5 3.Nc3 Nf6 4.e5 Nfd7 5.f4 c5 6.Nf3 Nc6 7.Be3 Qb6 8.a3 cxd4
9.Nxd4 Bc5 10.Na4 Qa5+ 11.c3 Bxd4 12.Bxd4 Nxd4 13.Qxd4 a6 14.Bd3 Qc7 15.b4 b5
16.Nb2 Bb7 17.a4 bxa4 18.Nxa4 O-O 19.O-O Bc6 20.Nc5 Nxc5 21.Qxc5 Qb7 22.Qd4 Bb5
23.Bxb5 axb5 24.Ra5 Ra6 25.Rfa1 Rfa8 26.Qc5 g6 27.Kf2 Rc8 28.Rxa6 Rxc5 29.bxc5 b4
30.Rb6 Qc8 31.cxb4 Qd8 32.g3 g5 33.f5 exf5 34.Ra7 d4 35.e6 d3 36.Rd6 Qb8
37.Rxf7 Qa8 38.Rxf5 Qa2+ 39.Kg1 Qb1+ 40.Rf1 Qxb4 41.e7 Qxc5+ 42.Kg2  1-0

[Event "12th Winterthurer Schachwoche"]
[Site "Winterthur SUI"]
[Date "2012.10.12"]
[Round "7"]
[White "Lampert,J"]
[Black "Ulibin,M"]
[Result "0-1"]
[WhiteElo "2299"]
[BlackElo "2529"]

1.e4 e6 2.d4 d5 3.Nc3 Nf6 4.e5 Nfd7 5.f4 c5 6.Nf3 Nc6 7.Be3 Rb8 8.Qd2 Qa5
9.Be2 b5 10.O-O b4 11.Nd1 Ba6 12.Bxa6 Qxa6 13.Nf2 Be7 14.Nd3 c4 15.Nf2 c3
16.bxc3 Nb6 17.cxb4 Nc4 18.Qe2 Nxb4 19.Rfe1 Qa4 20.Rab1 O-O 21.f5 Nxc2 22.f6 Nxe1
23.Rxe1 gxf6 24.Bh6 f5 25.Ng5 Rb2 26.Qf3 Qb4 27.Nd3 Qc3 28.Qg3 f4 29.Qxf4 Qxd3
30.Bxf8 Bxg5 31.Qxg5+ Qg6 32.Qxg6+ hxg6 33.Bc5 Rxa2 34.Rb1 Kg7 35.Rb7 Ne3
36.Be7 Rxg2+ 37.Kh1 Rd2 38.Kg1 Rd1+ 39.Kf2 Ng4+ 40.Kg3 Rxd4 41.Bd6 Re4 42.Rxa7 Nxe5
43.Ra8 Kf6 44.Ra7 g5 45.Ra1 Nc4 46.Rf1+ Kg6  0-1

[Event "e2e4 High Wycombe October Open"]
[Site "High Wycombe ENG"]
[Date "2012.10.13"]
[Round "2"]
[White "Kouis,Marios"]
[Black "Seymour,T"]
[Result "1-0"]
[WhiteElo "1845"]
[BlackElo "2070"]

1.e4 e6 2.d4 d5 3.Nc3 Nf6 4.e5 Nfd7 5.f4 c5 6.Nf3 Nc6 7.Be3 Be7 8.Qd2 a6
9.Qf2 b6 10.O-O-O c4 11.g4 b5 12.f5 Qa5 13.fxe6 fxe6 14.Ng5 Bxg5 15.Bxg5 b4
16.Nxd5 exd5 17.Bg2 Nf8 18.e6 Ra7 19.Qf5 Bxe6 20.Rhe1 Ne7 21.Rxe6 Nxe6 22.Qxe6 h6
23.Bf4 c3 24.Kb1 Rf8 25.Qe5 Rd7 26.Re1 Rf7 27.g5 hxg5 28.Bxg5 Kf8 29.Bh3 Rb7
30.Be6 Rf2 31.Qg3 Rf7 32.Bxf7 Kxf7 33.Qe5 Qd8 34.Qe6+ Kf8 35.Rf1+ Ke8 36.Qf7+ Kd7
37.Re1  1-0

[Event "e2e4 High Wycombe October Open"]
[Site "High Wycombe ENG"]
[Date "2012.10.14"]
[Round "4"]
[White "Wang,Maria"]
[Black "Seymour,T"]
[Result "0-1"]
[WhiteElo "1809"]
[BlackElo "2070"]

1.e4 e6 2.d4 d5 3.Nc3 Nf6 4.e5 Nfd7 5.f4 c5 6.Nf3 Nc6 7.Be3 Be7 8.Qd2 O-O
9.Be2 a6 10.a4 b6 11.O-O Bb7 12.Nd1 cxd4 13.Nxd4 Qc7 14.c3 Nc5 15.Qc2 Rac8
16.Rf3 Ne4 17.Nf2 Nxd4 18.Bxd4 f5 19.g4 Bc5 20.Rd1 Rf7 21.g5 g6 22.h4 h5
23.Nh1 Rff8 24.Kh2 Ra8 25.Ng3 Bc6 26.Rff1 Rfc8 27.Rg1 Be8 28.Kh3 Qc6 29.Nxh5 gxh5
30.g6 Bxd4 31.Rxd4 Qc5 32.Bd1 Qxd4 33.cxd4 Rxc2 34.Bxc2 Rc8 35.Bd3 Nf2+  0-1

[Event "NIT Nagpur GM Open 2012"]
[Site "Nagpur IND"]
[Date "2012.10.18"]
[Round "4.10"]
[White "Konguvel,P"]
[Black "Shyam,N"]
[Result "1-0"]
[WhiteElo "2373"]
[BlackElo "2468"]

1.e4 e6 2.d4 d5 3.Nc3 Nf6 4.e5 Nfd7 5.f4 c5 6.Nf3 Nc6 7.Be3 Be7 8.Qd2 O-O
9.dxc5 Bxc5 10.O-O-O Qa5 11.Bxc5 Nxc5 12.h4 Bd7 13.Rh3 Rfc8 14.Rg3 Ne7 15.Nd4 Na4
16.Nxa4 Qxd2+ 17.Rxd2 Bxa4 18.h5 a6 19.h6 g6 20.Ra3 Bd7 21.g4 Nc6 22.Nf3 Na7
23.Ng5 Bb5 24.Bh3 Nc6 25.Re3 a5 26.f5 d4 27.Re4 Bc4 28.fxg6 fxg6 29.Rf2 Rf8
30.Rf6 Rxf6 31.exf6 e5 32.Bg2 Rf8 33.b3 Bd5 34.Rxd4 exd4 35.Bxd5+ Kh8 36.Nf7+ Kg8
37.Ne5+ Kh8 38.Nf7+ Kg8 39.Ne5+ Kh8 40.Nd7  1-0

[Event "NIT Nagpur GM Open 2012"]
[Site "Nagpur IND"]
[Date "2012.10.20"]
[Round "8.12"]
[White "Swathi,G"]
[Black "Ghosh,D"]
[Result "0-1"]
[WhiteElo "2263"]
[BlackElo "2415"]

1.e4 e6 2.d4 d5 3.Nc3 Nf6 4.e5 Nfd7 5.f4 c5 6.Nf3 Nc6 7.Be3 Be7 8.Qd2 O-O
9.Be2 b6 10.O-O f5 11.Nd1 cxd4 12.Nxd4 Nxd4 13.Bxd4 Nc5 14.Ne3 Ne4 15.Qe1 Bb7
16.Rd1 Qe8 17.c4 dxc4 18.Bxc4 Qg6 19.Qe2 Rad8 20.Nc2 Rc8 21.Bb3 Kh8 22.Be3 Nc5
23.Bc4 a6 24.b4 Na4 25.Rd7 Nc3 26.Qd2 Rfd8 27.Rxb7 Rxd2 28.Bxd2 Ne4 29.Be3 h6
30.Bb3 Bf8 31.Rxb6 Qh5 32.Nd4 Nc3 33.Bxe6 Rd8 34.Bc4 a5 35.Ne6 Rc8 36.Bc5 Na4
37.Rb7 Nxc5 38.bxc5 Qe8 39.Rd1 Qa4 40.Bb3 Qc6 41.Rbd7 a4 42.Bc4 Bxc5+ 43.Kh1 Bb6
44.R7d6 Qxc4 45.Rxb6 Re8 46.Nd4 Rd8 47.Rd6 Rxd6 48.exd6 Qd5 49.Rd2 Qxd6 50.g3 Qb4
51.Nf3 Qc3 52.Kg2 a3 53.h4 Kh7 54.Re2 Qd3 55.Rf2 Qe3 56.Rd2 Kg6 57.Rf2 Kh5
58.Rc2 Qe4 59.Rf2 Kg4 60.Rf1 Qa8 61.Rf2 Qd5 62.Kh2 Qxf3 63.Rxf3 Kxf3 64.Kh3 h5
65.Kh2 Kf2 66.Kh3 Kg1  0-1